LEADER 00709nam a2200181 i 4500 001 000000050728 003 CaOOAMICUS 005 20121207000000.0 008 121207s1888 it u000 u ita u 013 $a21899 040 $aSeMil$bita 245 10$aVol. 1. 300 $a334 p. 650 4$aPassioni.$0(OLS)http://semarc/subject/4471 773 0 $aDescuret, Jean-Baptiste-Félix <1795-1871>$tMedicina delle passioni, ovvero Le passioni considerate relativamente alle malattie, alle leggi ed alla religione.$dMilano : Angelo Bietti, 1888.$g1$w()27805 850 $aSeMil 852 $aSeMil$W1$xVenegono$y1$m2F II 50 FA$j16883$B16883$CSeMilBibl$Z2$F16883 $8I 996 $6245$aVol. 1$9(OLS)http://semarc/title/13429 LEADER 00539nam a2200169 i 4500 001 000000102936 003 CaOOAMICUS 005 20010911000000.0 008 010911s1981 it u000 u ita u 013 $a75092 040 $aSeMil$bita 245 10$aOrdine-Parte. 300 $aXXIX, 1026 p. 773 0 $tEnciclopedia del diritto.$dMilano : Giuffrè, 1958-1995.$g31$w()3324 850 $aSeMil 852 $aSeMil$W1$xVenegono$y1$mSL1.N VII 46$j258152$B59397$CSeMilBibl$Z2$F43888 $8I 996 $6245$aOrdine-Parte$9(OLS)http://semarc/title/149675